000 00321nam a2200157Ia 4500
001 35215
003 IN-NITTTR
005 20251114232953.0
008 251113s9999||||xx |||||||||||||| ||eng||
040 _beng
040 _cIN-NITTTR
041 _aeng
082 _aPER
245 0 _achemical Business /
942 _2ddc
_cBK
999 _c6391
_d6391